Stranger Things Trivia #V - Statistics

General Stats
  • This quiz has been taken 40 times
  • The average score is 7 of 15
Answer Stats
Hint Answer % Correct
Main villain of season 4 and 5 Vecna
100%
Name of the very first episode of the series Vanishing of Will Byers
74%
Arrested for the alleged murders of his wife, daughter and son Victor Creel
74%
Robins love interest Vickie
65%
The above can make his victims see __, but its all in their head. Visions
58%
The villain kidnaps 12 kids to use them as __ Vessels
48%
Murrays favorite drink Vodka
45%
On of the prominent features in the Upside Down, also refered to as tendrils Vines
42%
Erica is small enough to climb through the __ for Dustin, Steve and Robin Vents
39%
Mike and Lucas both dress up as this Ghostbuster Venkman
29%
The aboves wife Virginia Creel
29%
Bob lends his __ __ to Will, during Halloween Video camera
23%
Term used by the kids to describe the Upside Down (based on Dungeons&Dragons lore) Vale of Shadows
19%
The __ is a visual representation of a psychokinetic test subject's mind when immersed in a highly particular psychic state, which can be achieved through sensory deprivation or exposure to electrical static. Void
16%
While trying to locate his favorite student Dustin by sending up ballons, Scott Clarke calls Murray by his codename: __ Gamma Voyager
10%
No matching quizzes found
Score Distribution
Percent of People with Each Score
Percentile by Number Answered
Your Score History
You have not taken this quiz